History Quiz

Random History or Nation Quiz

People on US Currency Quiz Stats

 Plays Quiz Updated Mar 3, 2016

Support Sporcle.
Go Orange.
Score 0/16 Timer 06:00
6 Plays Today
Currency Person % Correct
PennyAbraham Lincoln
97.4%
Dollar BillGeorge Washington
87.8%
QuarterGeorge Washington
84.6%
NickelThomas Jefferson
82.9%
Five Dollar BillAbraham Lincoln
80%
100 Dollar BillBenjamin Franklin
77.8%
Twenty Dollar BillAndrew Jackson
70.3%
50 CentJohn F. Kennedy
64.8%
Currency Person % Correct
DimeFranklin D(elano) Roosevelt
63%
Ten Dollar BillAlexander Hamilton
63%
Fifty Dollar BillUlysses S. Grant
62%
Two Dollar BillThomas Jefferson
59.7%
Dollar Coin (2000–Present)*Sacagawea
45.8%
Dollar Coin (1979–1981; 1999)Susan B. Anthony
44.2%
1,000 Dollar BillGrover Cleveland
19.7%
500 Dollar BillWilliam McKinley
19.4%

You're not logged in!

Compare scores with friends on all Sporcle quizzes.
OR
Log In
Forgot?

From the Vault

5-Star Books

by manonthemoon

We felt more culturally enriched just by taking this quiz.
Remove Ads.
Support Sporcle.
Get the best of Sporcle when you Go Orange. This ad-free experience offers more features, more stats, and more fun while also helping to support Sporcle. Thank you for becoming a member.

Show Comments

Extras

Top Quizzes Today


Score Distribution

Your Account Isn't Verified!

In order to create a playlist on Sporcle, you need to verify the email address you used during registration. Go to your Sporcle Settings to finish the process.

Report this User

Report this user for behavior that violates our Community Guidelines.

Details: